000 00245 a2200097 4500
001 52371
100 _aChirlin P
245 _aAnalysis & Design of Integrated electronic Circuits
260 _aNew York
_bHarper & Row
_c
090 _c32947
_d32947
942 _aNUST-CAE
_cM
_c25499
999 _c287444
_d287444